000 01284nam a2200265Ia 4500
999 _c56700
_d56700
001 23822
003 GE_BSU
005 20230330165217.0
008 181216s1976ge xx |||||||||||||| ||geo||
040 _cGE_BSU
041 _ageo
080 _a94(3)+ 821.14'01-32 ჰ-46
100 _aჰეროდოტე
_916935
245 _aისტორია.
_bტ.2 /
_cჰეროდოტე, ბერძნ. თარგმნა, წინასიტყვ. და საძიებელი დაურთო თ. ყაუხჩიშვილმა. რედ. ბ. ბრეგვაძე
264 _aთბილისი :
_bთბილ. უნ-ტის გამ-ბა,
_c1975.
300 _a666 გვ.:
_b 22 სმ.
501 _aსაძიებ. გვ. 583-666
520 _aპარალ. სათ. რუს. და ინგლ. ენ.
541 _h5ლ.38თ.
653 _aისტორია. ტ.2
653 _aძველი ქვეყნების ისტორია; ბერძენ-სპარსელთა ომები
700 _aყაუხჩიშვილი,თ
_eმთარგმნელი
_917389
700 _aბრეგვაძე, ბ
_eრედაქტორი
_915988
942 _cBK
_2udc